00382nam a2200133 a 4500008004100000050001900041100001900060245006200079260004400141300001400185350000900199700002100208700001900229120416s1965 ||||||||||||||||| || u aLB 2365.E5 Col aGerber, John C14aThe College teaching of Englishcedited by John C. Gerber aNew YorkbAppleton-Century Croftsc1965 axi, 312p. a0.00 aZimansky, Curt A aFisher, John H